000 00988nam a2200301 i 4500
003 EG-GICUC
005 20260506172312.0
008 260506s1912 fr |||fr|||| 00| 0 fre d
040 _aEG-GiCUC
_bfre
_cEG-GiCUC
_dEG-GiCUC
_eRda
041 0 _afre
082 0 4 _221
_a343.47
_b
092 0 4 _221
099 _aLaw1 10 343.47 RÉ 1912
245 1 0 _aRépertoire Pratique de Législation de Doctrine et de Jurisprudence ,
_nTome Quatrième.
264 _aparis :
_bLibrairie Dalloz,
_c1912.
300 _a905 page ;
_c 24 cm.
_billustration ;
336 _2rda contenu
_a texte
337 _2rda medias
_aOrdinateur
338 _2 transporteur rda
_a Ressource en ligne
504 _aBibliography: pages 200-250. 240-220
546 _aTexte en français
650 1 4 _aAutres Lois Pénales Spéciales
_2qrmak
650 1 4 _aDroit De Panél
_2qrmak
651 1 _2qrmak
856 4 0 _uhttps://fll.law.cu.edu.eg/fulltext/bks/B10-11426.pdf
905 _a54
942 _2ddc
_n0
_cBK
_e21
999 _c76042
_d76042